000 01250cam a22003497a 4500
003 CHAP
005 20220329132954.0
008 971013s1990 r 00010 d
010 _a808
011 _a1780
035 _a957
040 _cCHAP
090 _aTesis
100 0 0 _aVicencio de la Rosa, María Guadalupe.
_9119054
245 0 _aEstudio de la resistencia a la sanidad en cultivos in vitro e in vivo de maíz (Zea mays L.) variedad zacatecas 58
260 _aMontecillo, Méx. :
_bEl autor,
_c1990
300 _a118 p.
_b: cuadros
502 _aTesis (M.C. Esp. en Genética) -- C.P. Centro de Genética
590 _aALEPH
_b10
_c20130110
_lUCH01
_h1206
590 _aBATCH-UPD
_b10
_c20130110
_lUCH01
_h1449
590 _aBATCH-UPD
_b10
_c20130410
_lUCH01
_h0916
590 _aBATCH-UPD
_b10
_c20130914
_lUCH01
_h1746
590 _aCONVERSION
_b10
_c20130109
_lUCH01
_h1302
650 1 4 _aMaíz
_xAnálisis.
_970861
650 1 4 _aMaíz
_xInvestigación.
_970984
650 1 4 _aMaíz
_xVariedades resistentes a enfermedades.
_971082
901 _aBK
942 _cFOLL
949 _bBC
_cTES
_d-10418
_eTS1
_h23054
_i957
_si
949 _bBC
_cTES
_d33724000633541
_eTS2
_fc.3
_h31063
_i957
_si
949 _bBC
_cTES
_d33724000688933
_eTS2
_fc.2
_h23055
_i957
_si
999 _c808
_d808